Guess the 1960s song lyrics #245 - Statistics

General Stats
  • This quiz has been taken 19 times
  • The average score is 184 of 273
Answer Stats
Answer % Correct
a
100%
I
100%
In
100%
in
100%
know
100%
love
100%
Love
100%
that
100%
When
100%
You
100%
you
100%
and
92%
And
92%
go
92%
me
92%
my
92%
the
92%
to
92%
be
85%
But
85%
do
85%
Do
85%
No
85%
all
77%
can
77%
for
77%
how
77%
it
77%
or
77%
out
77%
see
77%
want
77%
your
77%
can't
69%
Can't
69%
come
69%
don't
69%
Girl
69%
I've
69%
life
69%
Four Tops
62%
I'm
62%
just
62%
man
62%
time
62%
we're
62%
else
54%
get
54%
heart
54%
help
54%
myself
54%
than
54%
thousand
54%
times
54%
up
54%
bunch
46%
call
46%
every
46%
fool
46%
honey
46%
name
46%
nobody
46%
nothing
46%
Now
46%
pie
46%
running
46%
Sugar
46%
sugar
46%
there's
46%
anything
38%
apart
38%
eye
38%
face
38%
tell
38%
Tell
38%
ask
31%
Ask
31%
behind
31%
cannot
31%
kissed
31%
Leaving
31%
Ooh
31%
should
31%
starts
31%
try
31%
weak
31%
Weak
31%
Cause
23%
finger
23%
hide
23%
inside
23%
matter
23%
picture
23%
snap
23%
tearing
23%
Wanna
23%
weaker
23%
wink
23%
choked
15%
flame
15%
through
15%
apron
8%
Burning
8%
strings
8%
tied
8%
tried
8%
No matching quizzes found
Score Distribution
Percent of People with Each Score
Percentile by Number Answered
Your Score History
You have not taken this quiz